| 000 | 00540cam a2200181 a 4500 | ||
|---|---|---|---|
| 040 | _cDLC | ||
| 082 | 0 | 0 | _a577 PAN 1999 C074 Or. |
| 100 | _a Panos Institute South Asia | ||
| 245 | 0 | 0 |
_aTough terrain : _bmedia reports on mountain issues. |
| 260 |
_aKathmandu : _bPanos Institute South Asia, _c1999. |
||
| 300 |
_a126 p. : _bill. ; _c26 cm. |
||
| 650 | 0 | _aMountain ecology | |
| 650 | 0 | _aEnvironmental protection | |
| 650 | 0 | _aEcosystem management | |
| 650 | 0 | _aNatural resources | |
| 710 | 2 | _aPanos Institute South Asia. | |
| 942 | _cAEDBB | ||
| 999 |
_c22561 _d22561 |
||